| 000 | 00961cam a2200241 4500 | ||
|---|---|---|---|
| 001 | ABS67700 | ||
| 008 | 040507n2004 000 0 eng u | ||
| 035 | _a(Sirsi) u126131 | ||
| 100 | _aTomback, D. | ||
| 245 | _aHistory in the making | ||
| 260 | _c2004 | ||
| 490 |
_aEstates Gazette _v(0415) 10 April 2004, 94-95(2) |
||
| 520 | _aTraces the history of enabling development, a concept which allows developers to fund the rescue of historic buildings. Outlines English Heritage's seven-step criteria for allowing a scheme of enabling development to go ahead. Comments on the problems encountered by English Heritage and the misunderstanding of the principles of the concept by developers. | ||
| 590 | _aABS | ||
| 590 | _aABS | ||
| 650 | _aENGLISH HERITAGE | ||
| 650 | _aENABLING DEVELOPMENT | ||
| 650 | _aHISTORIC BUILDINGS | ||
| 650 | _aHISTORIC ENVIRONMENT | ||
| 650 | _aPLANNING PERMISSION | ||
| 690 | _aBUILDING CONSERVATION | ||
| 942 | _n0 | ||
| 999 |
_c117315 _d117315 |
||